| 000 | 00741nam a22001937a 4500 | ||
|---|---|---|---|
| 999 |
_c201 _d201 |
||
| 003 | AR-CdUCM | ||
| 008 | 190222b ||||| |||| 00| 0 spa d | ||
| 040 |
_aMUNICIPALIDAD PROVINCIAL DEL CUSCO _cBIBLIOTECA MUNICIPAL DEL CUSCO |
||
| 082 |
_a869.508 / _bSA18 |
||
| 100 |
_aSalazar Bondy, Sebastian _9906 |
||
| 245 | _aDios en el cafetín / | ||
| 260 |
_aLima : _bPopulibros peruanos, |
||
| 300 |
_a150 páginas ; _c17 cm. |
||
| 500 | _aReúne algunas de las narraciones mas representativas del autor, incluidas las que tienen como personajes los jóvenes latinoamercanos que viven y se consumen en el exilio europeo. | ||
| 650 |
_aBaltasar Goñi _9907 |
||
| 650 |
_aNarrativa moderna _9908 |
||
| 942 |
_2ddc _cLIBROS |
||
| 945 |
_aafb _d2019-02-22 |
||